[Event "POL-chT"]
[Site "Wroclaw"]
[Date "2011.05.07"]
[Round "2.3"]
[White "Gritsak, Orest"]
[Black "Czakon, Jakub"]
[Result "1-0"]
[WhiteElo "2528"]
[BlackElo "2496"]
[PlyCount "65"]
[EventDate "2011.05.06"]
[EventType "team-tourn"]
[EventRounds "9"]
[EventCountry "POL"]
[SourceTitle "EXT 2012"]
[Source "ChessBase"]
[SourceDate "2011.11.24"]
[SourceVersion "1"]
[SourceVersionDate "2011.11.24"]
[SourceQuality "1"]
[WhiteTeam "Lublin"]
[BlackTeam "Pultusk Nadnarwianka"]
[WhiteTeamCountry "POL"]
[BlackTeamCountry "POL"]

1. Nf3 Nf6 2. c4 e6 3. Nc3 Bb4 4. Qc2 0-0 5. a3 Bxc3 6. Qxc3 c5 7. e3 Nc6 8. Be2 d6 9. b4 Re8 10. d4 cxd4 11. Nxd4 Nxd4 12. Qxd4 e5 13. Qd3 Be6 14. Bb2 a5 15. 0-0 Qb6 16. Bc3 Rac8 17. bxa5 Qd8 18. c5 Rxc5 19. Bb4 Bc4 20. Qd1 Bxe2 21. Qxe2 Rc6 22. Rfd1 d5 23. Rab1 Qd7 24. Qb5 Rec8 25. e4 Nxe4 26. Qxd5 Qxd5 27. Rxd5 Rc1+ 28. Rd1 Rxb1 29. Rxb1 Nc3 30. Bxc3 Rxc3 31. a6 b6 32. a7 Rxa3 33. Rc1 1-0

[Event "POL-chT"]
[Site "Wroclaw"]
[Date "2011.05.06"]
[Round "1.4"]
[White "Czakon, Jakub"]
[Black "Tomczak, Jacek"]
[Result "1/2-1/2"]
[WhiteElo "2496"]
[BlackElo "2541"]
[PlyCount "120"]
[EventDate "2011.05.06"]
[EventType "team-tourn"]
[EventRounds "9"]
[EventCountry "POL"]
[SourceTitle "EXT 2012"]
[Source "ChessBase"]
[SourceDate "2011.11.24"]
[SourceVersion "1"]
[SourceVersionDate "2011.11.24"]
[SourceQuality "1"]
[WhiteTeam "Pultusk Nadnarwianka"]
[BlackTeam "Poznan"]
[WhiteTeamCountry "POL"]
[BlackTeamCountry "POL"]

1. Nf3 Nf6 2. c4 g6 3. Nc3 d5 4. cxd5 Nxd5 5. e4 Nxc3 6. dxc3 Qxd1+ 7. Kxd1 Nd7 8. Bc4 Nc5 9. Re1 Bg7 10. Bg5 h6 11. Bh4 Bg4 12. Re3 e5 13. h3 Be6 14. Nd2 h5 15. b4 Bxc4 16. Nxc4 Ne6 17. Bg3 0-0-0+ 18. Kc2 f6 19. a4 Bh6 20. Rf3 Rhf8 21. h4 b6 22. Rd1 Rxd1 23. Kxd1 Kd7 24. Rd3+ Ke7 25. Bh2 a5 26. bxa5 Nc5 27. Rd5 Nxe4 28. Kc2 c6 29. Rd1 b5 30. axb5 cxb5 31. Nb6 Nxf2 32. Re1 Rd8 33. a6 Nd3 34. Re2 Nc1 35. Re4 Rd2+ 36. Kxc1 Ra2+ 37. Kb1 Rxa6 38. Nd5+ Kd7 39. Rb4 Rc6 40. Rxb5 Ke6 41. Kc2 Rc4 42. g3 Re4 43. Kd3 Re1 44. Kc4 Re4+ 45. Kd3 Re1 46. c4 Rd1+ 47. Kc3 Rc1+ 48. Kb3 Rb1+ 49. Ka2 Rh1 50. Rb6+ Kf5 51. Rxf6+ Ke4 52. Nc3+ Kd3 53. Kb3 Be3 54. Rd6+ Bd4 55. c5 Rxh2 56. c6 Rc2 57. Nb5 Rb2+ 58. Ka4 Ra2+ 59. Kb3 Rb2+ 60. Ka4 Ke4 1/2-1/2